Music Quiz

Random Music or Album Quiz

Neil Young Songs (1968-1979) Quiz Stats

 Plays Quiz Updated Nov 12, 2013

Support Sporcle.
Go Orange.
Score 0/95 Timer 10:00
0 Plays Today
Song % Correct
Harvest
83.2%
After the Gold Rush
82.7%
Heart of Gold
77.7%
Tonight's the Night
76.9%
Tonight's the Night - Part II
76.9%
Old Man
74.1%
Cinnamon Girl
72%
Everybody Knows this is Nowhere
70.2%
Comes a Time
69.4%
The Needle and the Damage Done
68.1%
On the Beach
67.6%
Hey Hey, My My (Into the Black)
66.4%
Down by the River
65.6%
Southern Man
65.4%
Cortez the Killer
63%
Cowgirl in the Sand
61.8%
My My, Hey Hey (Out of the Blue)
60.7%
A Man Needs a Maid
59%
Alabama
54.7%
Like a Hurricane
54.3%
Powderfinger
51.3%
Out on the Weekend
48.5%
Cripple Creek Ferry
48.2%
Ambulance Blues
47.1%
Tell Me Why
46.8%
Pocahontas
46.1%
Words (Between the Lines of Age)
45.4%
Only Love Can Break Your Heart
45.3%
Birds
45.1%
Vampire Blues
44.4%
Walk On
44%
The Loner
42.8%
Song % Correct
For the Turnstiles
40.9%
Sedan Delivery
40.2%
Welfare Mothers
39.5%
Don't Let it Bring You Down
38.8%
Thrasher
38.8%
Revolution Blues
38.4%
See the Sky About to Rain
37%
When You Dance I Can Really Love
36.6%
The Old Laughing Lady
35.8%
Are You Ready for the Country?
35%
Round & Round (It Won't be Long)
34.9%
Ride My Llama
33.9%
Danger Bird
33.6%
Albuquerque
33.4%
Oh Lonesome Me
32.8%
Tired Eyes
32.1%
Come on Baby Let's Go Downtown
31.1%
Barstool Blues
30.9%
Motion Pictures
30.8%
Borrowed Tune
30.6%
Till the Morning Comes
30.5%
There's a World
30.4%
Stupid Girl
30.3%
Motorcycle Mama
30.1%
Don't Cry No Tears
29.8%
I Believe in You
29.7%
Lotta Love
28.7%
World on a String
28.6%
Four Strong Winds
28.3%
Roll Another Number (for the Road)
28.2%
Sail Away
27.7%
The Last Trip to Tulsa
27.2%
Song % Correct
The Losing End (When You're On)
26.6%
The Emperor of Wyoming
26.1%
Through My Sails
25.7%
Lookout Joe
24.9%
Running Dry (Requiem for the Rockets)
24.1%
New Mama
23.1%
Speakin' Out
22.5%
Homegrown
22.4%
Mellow My Mind
21.9%
Pardon My Heart
21.7%
Lookin' for a Love
20.5%
Drive Back
20.2%
Look Out for My Love
19.8%
Star of Bethlehem
19.8%
Human Highway
17.9%
Saddle Up the Palomino
17.9%
I've Been Waiting for You
17.9%
Goin' Back
17.1%
Will to Love
16.8%
Here We Are in the Years
16.6%
The Old Country Waltz
16%
Bite the Bullet
15%
I've Loved Her So Long
14.9%
String Quartet from Whiskey Boot Hill
14.3%
Field of Opportunity
13.2%
What Did You Do to My Life?
12.5%
Already One
12%
If I Could Have Her Tonight
12%
Hey Babe
11.6%
Hold Back the Tears
11.1%
Peace of Mind
10%

You're not logged in!

Compare scores with friends on all Sporcle quizzes.
OR
Log In
Forgot?

From the Vault

Accidental Inventions

by Ellix

History 8m
Pay attention to that accident you just had...you may want to recreate it some day.
Remove Ads.
Support Sporcle.
Get the best of Sporcle when you Go Orange. This ad-free experience offers more features, more stats, and more fun while also helping to support Sporcle. Thank you for becoming a member.

Show Comments

Extras

Top Quizzes Today


Score Distribution

Your Account Isn't Verified!

In order to create a playlist on Sporcle, you need to verify the email address you used during registration. Go to your Sporcle Settings to finish the process.

Report this User

Report this user for behavior that violates our Community Guidelines.

Details: